Ageing of population in developed countries causes, consequences, policies

Uložené v:
Podrobná bibliografia
Ďalší autori: Čtrnáct, Pavel, Kraus, Jaroslav
Médium: Kniha
Jazyk:Czech
English
Vydavateľské údaje: Praha Československá demografická společnost při ČSAV 1992
Vydanie:1. vyd.
Edícia:Acta demographica 9/1
Predmet:
Tagy: Pridať tag
Žiadne tagy, Buďte prvý, kto otaguje tento záznam!

MARC

LEADER 00000nam a2200000 4500
001 c002793
005 20240104132549.9
041 0 |a cze 
041 0 |a eng 
044 |a CZ 
245 1 0 |a Ageing of population in developed countries  |b causes, consequences, policies  |c edit. Pavel Čtrnáct, Jaroslav Kraus 
250 |a 1. vyd. 
264 1 |a Praha  |b Československá demografická společnost při ČSAV  |c 1992 
300 |a s. 7-235 
490 1 |a Acta demographica  |v 9/1 
830 0 |a Acta demographica  |v 9/1 
610 2 0 |a populácia 
610 2 0 |a starnutie populácie 
610 2 0 |a dôchodcovia 
610 2 0 |a vek postproduktívny 
610 2 0 |a pôrodnosť 
610 2 0 |a úmrtnosť 
610 2 0 |a migrácia 
610 2 0 |a domácnosti 
610 2 0 |a podmienky životné 
610 2 0 |a sily pracovné 
610 2 0 |a dôchodky starobné 
610 2 0 |a starostlivosť sociálna 
610 2 0 |a demografia 
700 1 |a Čtrnáct, Pavel 
700 1 |a Kraus, Jaroslav